000
00317nam a2200145Ia 4500
100
_a
Kumbhojkar / G.V
650
_a
Mathematics
942
_c
BK
366
_f
10
245
_a
Applied Mathematics III (Production)
260
_b
C.Jamnadas and Co.
_a
Pune
_c
2008
082
_b
KUM
546
_a
ENGLISH
999
_c
19710
_d
19710